Reglamento para los servicios de la Maternidad
Descripción Física:
18 p. ; 21 cm
MARC
| LEADER | 00000nam a2200000Ia 4500 | ||
|---|---|---|---|
| 001 | 21467 | ||
| 008 | 160829s1937 xx 000 0 cat d | ||
| 080 | |a RF-12-88 | ||
| 245 | |a Reglamento para los servicios de la Maternidad | ||
| 260 | |a Navarra : |b Diputación Floral y Provincial, |c 1937 | ||
| 300 | |a 18 p. ; |c 21 cm | ||
| 590 | |a Prové de J-1620 | ||
| 650 | |a Maternidad y Orfanato de Navarra |x Reglaments i procediment |9 47949 | ||
| 710 | 1 | |a Navarra. |b Diputación Foral |9 55588 | |
| 856 | 4 | |u https://media.diba.cat/diba/fitxers/arxiu/fulletons/bib_21467_1937_baixa.pdf |y Accés lliure | |
| 856 | 4 | |u https://media.diba.cat/diba/fitxers/arxiu/fulletons/bib_21467_1937_baixa.pdf |y Accés lliure | |
| 901 | |a Arxiu | ||
| 942 | |n 1 |2 udc | ||
| 952 | |0 0 |1 0 |4 0 |6 RF1288 |7 1 |9 54228 |a Arxiu |b Arxiu |d 2016-12-01 |l 0 |o RF-12-88 |p 21467 |r 2016-12-01 00:00:00 |w 2016-12-01 |y ARXIU | ||
| 999 | |c 58097 |d 58097 | ||
| 900 | |a bib_21467_1937_baixa.pdf | ||